Introduction To Materials Science For Enginners / (Record no. 197725)

MARC details
000 -LEADER
fixed length control field 00640nam a22001937a 4500
005 - DATE AND TIME OF LATEST TRANSACTION
control field 20230912151615.0
010 ## - LCCN (DPL NO)
LC control number ENG-137916
020 ## - INTERNATIONAL STANDARD BOOK NUMBER
Terms of availability 1265.00
International Standard Book Number 9789357059978
035 ## - SYSTEM CONTROL NUMBER
System control number EN-121448
037 ## - SOURCE OF ACQUISITION
Source of stock number/acquisition DBAD/PUB
082 ## - DEWEY DECIMAL CLASSIFICATION NUMBER
Classification number 620.017
Edition number Nineth
100 ## - MAIN ENTRY--PERSONAL NAME
Personal name Shackelford, James F
245 ## - TITLE STATEMENT
Title Introduction To Materials Science For Enginners /
Statement of responsibility, etc By James F Shackelford,
250 ## - EDITION STATEMENT
Edition statement Nineth
260 ## - PUBLICATION, DISTRIBUTION, ETC. (IMPRINT)
Place of publication, distribution, etc Noida
Name of publisher, distributor, etc Pearson India Education Services Pvt Ltd
Date of publication, distribution, etc 2024
270 ## - ADDRESS
Address Ist Floor, Berger Tower, Plot No C-001A/2 Sector 16B
City Noida
Postal code 201301
300 ## - PHYSICAL DESCRIPTION
Extent vp.
Dimensions 25cm(pbk)
942 ## - ADDED ENTRY ELEMENTS (KOHA)
Source of classification or shelving scheme Dewey Decimal Classification
Item type English Books
Classification part 620.017
Call number suffix SHA
Holdings
Withdrawn status Lost status Not for loan Collection code Home library Current library Date acquired Source of acquisition Cost, normal purchase price Full call number Barcode Copy number Cost, replacement price Koha item type
    Not For Loan Non-fiction D.B.Act.Division D.B.Act.Division 31/08/2023 DBAD/PUB 1265.00 SHA 620.017 EN-121448 1 1265.00 English Books

© Delhi Public Library
Hit Counter
free hit counter